[Event "ODJM C 2023"]
[Site "Willingen GER"]
[Date "2023.06.01"]
[Round "7"]
[White "Janssen, Julika"]
[Black "Haunhorst, Elisa"]
[Result "1/2-1/2"]
[Termination "normal"]
[Board "15"]
[WhiteElo "1286"]
[BlackElo "1119"]
[WhiteClock "00:58:07"]
[BlackClock "00:18:55"]
[PlyCount "46"]
[WhiteFideId "16287339"]
[BlackFideId "34640959"]
[EventCountry "GER"]
[EventRounds "9"]
[EventType "swiss"]
[EventDate "2023.05.27"]

1. d4 {[%clk 01:30:58]} d5 {[%clk 01:30:55]} {[%emt 00:00:06]} 2. Bf4 {[%clk
01:31:20]} {[%emt 00:00:08]} Nf6 {[%clk 01:31:16]} {[%emt 00:00:09]} 3. Nf3
{[%clk 01:31:42]} {[%emt 00:00:08]} e6 {[%clk 01:31:27]} {[%emt 00:00:19]} 4.
e3 {[%clk 01:31:59]} {[%emt 00:00:12]} Bd6 {[%clk 01:30:59]} {[%emt 00:00:58]}
5. Bg3 {[%clk 01:32:06]} {[%emt 00:00:22]} a6 {[%clk 01:30:10]} {[%emt
00:01:20]} 6. c4 {[%clk 01:31:16]} {[%emt 00:01:20]} c5 {[%clk 01:27:59]}
{[%emt 00:02:42]} 7. Be2 {[%clk 01:30:16]} {[%emt 00:01:30]} O-O {[%clk
01:18:44]} {[%emt 00:09:44]} 8. O-O {[%clk 01:29:27]} {[%emt 00:01:19]} Ne4
{[%clk 01:12:59]} {[%emt 00:06:15]} 9. Bxd6 {[%clk 01:25:27]} {[%emt 00:04:30]}
Nxd6 {[%clk 01:10:10]} {[%emt 00:03:19]} 10. Nc3 {[%clk 01:24:40]} {[%emt
00:01:18]} cxd4 {[%clk 01:05:01]} {[%emt 00:05:38]} 11. exd4 {[%clk 01:24:02]}
{[%emt 00:01:09]} dxc4 {[%clk 01:00:20]} {[%emt 00:05:11]} 12. Ne5 {[%clk
01:22:35]} {[%emt 00:01:56]} Nc6 {[%clk 00:58:43]} {[%emt 00:02:07]} 13. Nxc6
{[%clk 01:19:40]} {[%emt 00:03:25]} bxc6 {[%clk 00:58:14]} {[%emt 00:00:58]}
14. Bf3 {[%clk 01:13:51]} {[%emt 00:06:19]} Bb7 {[%clk 00:52:26]} {[%emt
00:06:20]} 15. Re1 {[%clk 01:11:54]} {[%emt 00:02:26]} Rb8 {[%clk 00:47:25]}
{[%emt 00:05:31]} 16. Qc2 {[%clk 01:09:09]} {[%emt 00:03:15]} Qc7 {[%clk
00:34:05]} {[%emt 00:13:51]} 17. Rad1 {[%clk 01:08:09]} {[%emt 00:01:28]} c5
{[%clk 00:29:54]} {[%emt 00:04:43]} 18. Bxb7 {[%clk 01:06:38]} {[%emt
00:02:00]} Rxb7 {[%clk 00:28:59]} {[%emt 00:01:25]} 19. dxc5 {[%clk 01:02:26]}
{[%emt 00:04:42]} Qxc5 {[%clk 00:27:57]} {[%emt 00:01:32]} 20. Ne4 {[%clk
01:00:56]} {[%emt 00:02:00]} Nxe4 {[%clk 00:27:55]} {[%emt 00:00:32]} 21. Rxe4
{[%clk 01:01:14]} {[%emt 00:00:12]} Qb5 {[%clk 00:23:50]} {[%emt 00:04:34]} 22.
Rxc4 {[%clk 00:58:52]} {[%emt 00:02:53]} Qxb2 {[%clk 00:23:01]} {[%emt
00:01:20]} 23. Qe4 {[%clk 00:58:07]} {[%emt 00:01:09]} Qxa2 {[%clk 00:18:55]}
{[%emt 00:03:20]} 1/2-1/2

[Event "ODJM C 2023"]
[Site "Willingen GER"]
[Date "2023.06.01"]
[Round "7"]
[White "Hendricks, Ole"]
[Black "Claussen, Daniela"]
[Result "0-1"]
[Termination "normal"]
[Board "16"]
[WhiteElo "1263"]
[BlackElo "1043"]
[WhiteClock "00:41:14"]
[BlackClock "01:15:17"]
[PlyCount "42"]
[WhiteFideId "34660488"]
[BlackFideId "16248929"]
[EventCountry "GER"]
[EventRounds "9"]
[EventType "swiss"]
[EventDate "2023.05.27"]

1. e4 {[%clk 01:30:57]} {[%emt 00:00:01]} e6 {[%clk 01:30:57]} {[%emt
00:00:04]} 2. d4 {[%clk 01:31:19]} {[%emt 00:00:08]} b6 {[%clk 01:31:21]}
{[%emt 00:00:06]} 3. Nd2 {[%clk 01:31:42]} {[%emt 00:00:07]} Bb7 {[%clk
01:31:43]} {[%emt 00:00:09]} 4. Bd3 {[%clk 01:31:16]} {[%emt 00:00:55]} f5
{[%clk 01:32:00]} {[%emt 00:00:12]} 5. exf5 {[%clk 01:19:45]} {[%emt 00:12:02]}
Bxg2 {[%clk 01:32:22]} {[%emt 00:00:07]} 6. Qh5+ {[%clk 01:20:12]} {[%emt
00:00:04]} g6 {[%clk 01:32:43]} {[%emt 00:00:10]} 7. fxg6 {[%clk 01:20:37]}
{[%emt 00:00:05]} Bg7 {[%clk 01:33:06]} {[%emt 00:00:06]} 8. gxh7+ {[%clk
01:19:22]} {[%emt 00:01:45]} Kf8 {[%clk 01:33:23]} {[%emt 00:00:13]} 9. Ne4
{[%clk 01:11:50]} {[%emt 00:08:02]} Bxh1 {[%clk 01:31:02]} {[%emt 00:02:50]}
10. Bg5 {[%clk 01:09:26]} {[%emt 00:02:55]} Nf6 {[%clk 01:30:03]} {[%emt
00:01:29]} 11. Nxf6 {[%clk 01:01:09]} {[%emt 00:08:48]} Bxf6 {[%clk 01:30:19]}
{[%emt 00:00:14]} 12. Bh6+ {[%clk 01:01:08]} {[%emt 00:00:31]} Bg7 {[%clk
01:29:16]} {[%emt 00:01:33]} 13. Nf3 {[%clk 00:55:32]} {[%emt 00:06:06]} Qf6
{[%clk 01:24:50]} {[%emt 00:04:55]} 14. Ne5 {[%clk 00:51:03]} {[%emt 00:04:59]}
Bxh6 {[%clk 01:13:53]} {[%emt 00:11:27]} 15. Ng6+ {[%clk 00:46:00]} {[%emt
00:05:33]} Kg7 {[%clk 01:14:00]} {[%emt 00:00:23]} 16. Nxh8 {[%clk 00:42:10]}
{[%emt 00:04:21]} Kxh8 {[%clk 01:14:16]} {[%emt 00:00:13]} 17. Qe8+ {[%clk
00:41:30]} {[%emt 00:01:10]} Qf8 {[%clk 01:14:28]} {[%emt 00:00:18]} 18. Qxf8+
{[%clk 00:41:35]} {[%emt 00:00:25]} Bxf8 {[%clk 01:14:50]} {[%emt 00:00:08]}
19. O-O-O {[%clk 00:40:35]} {[%emt 00:01:29]} Bh6+ {[%clk 01:14:37]} {[%emt
00:00:44]} 20. Kb1 {[%clk 00:40:59]} {[%emt 00:00:06]} Bf3 {[%clk 01:14:56]}
{[%emt 00:00:11]} 21. Rg1 {[%clk 00:41:14]} {[%emt 00:00:14]} Nc6 {[%clk
01:15:17]} {[%emt 00:00:10]} 0-1

[Event "ODJM C 2023"]
[Site "Willingen GER"]
[Date "2023.06.01"]
[Round "7"]
[White "Geschke, Jonathan"]
[Black "Grunert, Greta"]
[Result "1/2-1/2"]
[Termination "normal"]
[Board "17"]
[WhiteElo "1258"]
[BlackElo "1100"]
[WhiteClock "00:47:33"]
[BlackClock "00:45:19"]
[PlyCount "57"]
[WhiteFideId "34636129"]
[BlackFideId "16258649"]
[EventCountry "GER"]
[EventRounds "9"]
[EventType "swiss"]
[EventDate "2023.05.27"]

1. e4 {[%clk 01:30:59]} e5 {[%clk 01:30:56]} {[%emt 00:00:05]} 2. Nf3 {[%clk
01:31:24]} {[%emt 00:00:05]} Nc6 {[%clk 01:31:19]} {[%emt 00:00:07]} 3. Bc4
{[%clk 01:31:52]} {[%emt 00:00:02]} Bc5 {[%clk 01:31:41]} {[%emt 00:00:08]} 4.
c3 {[%clk 01:32:19]} {[%emt 00:00:03]} Nf6 {[%clk 01:32:03]} {[%emt 00:00:08]}
5. d4 {[%clk 01:32:47]} {[%emt 00:00:02]} exd4 {[%clk 01:32:19]} {[%emt
00:00:13]} 6. e5 {[%clk 01:33:16]} {[%emt 00:00:02]} d5 {[%clk 01:32:21]}
{[%emt 00:00:28]} 7. Bb5 {[%clk 01:33:42]} {[%emt 00:00:04]} Ne4 {[%clk
01:32:41]} {[%emt 00:00:09]} 8. cxd4 {[%clk 01:34:09]} {[%emt 00:00:04]} Bb6
{[%clk 01:32:58]} {[%emt 00:00:12]} 9. Nc3 {[%clk 01:34:33]} {[%emt 00:00:06]}
O-O {[%clk 01:33:01]} {[%emt 00:00:27]} 10. O-O {[%clk 01:34:51]} {[%emt
00:00:12]} Bg4 {[%clk 01:33:20]} {[%emt 00:00:11]} 11. h3 {[%clk 01:34:34]}
{[%emt 00:00:48]} Bh5 {[%clk 01:33:38]} {[%emt 00:00:12]} 12. Be3 {[%clk
01:33:05]} {[%emt 00:01:59]} f6 {[%clk 01:32:29]} {[%emt 00:01:38]} 13. g4
{[%clk 01:31:02]} {[%emt 00:02:34]} Bg6 {[%clk 01:31:58]} {[%emt 00:00:59]} 14.
exf6 {[%clk 01:31:09]} {[%emt 00:00:25]} Qxf6 {[%clk 01:29:42]} {[%emt
00:02:44]} 15. Bxc6 {[%clk 01:28:09]} {[%emt 00:03:30]} bxc6 {[%clk 01:28:39]}
{[%emt 00:01:34]} 16. Ne5 {[%clk 01:27:49]} {[%emt 00:00:50]} Rad8 {[%clk
01:19:29]} {[%emt 00:09:38]} 17. Rc1 {[%clk 01:21:34]} {[%emt 00:06:46]} Rd6
{[%clk 01:16:26]} {[%emt 00:03:34]} 18. Nxg6 {[%clk 01:17:16]} {[%emt
00:04:49]} Qxg6 {[%clk 01:13:03]} {[%emt 00:03:52]} 19. Nxe4 {[%clk 01:17:11]}
{[%emt 00:00:36]} Qxe4 {[%clk 01:11:21]} {[%emt 00:02:11]} 20. Re1 {[%clk
01:12:51]} {[%emt 00:04:49]} Qg6 {[%clk 01:10:33]} {[%emt 00:01:09]} 21. Qc2
{[%clk 01:09:47]} {[%emt 00:03:44]} Qf6 {[%clk 01:09:01]} {[%emt 00:01:31]} 22.
Qc3 {[%clk 01:07:59]} {[%emt 00:02:38]} Qh4 {[%clk 01:05:21]} {[%emt 00:04:20]}
23. Kg2 {[%clk 01:03:47]} {[%emt 00:04:42]} Rdf6 {[%clk 00:56:06]} {[%emt
00:09:46]} 24. Qd2 {[%clk 01:02:12]} {[%emt 00:02:05]} Rf3 {[%clk 00:53:17]}
{[%emt 00:03:03]} 25. Rh1 {[%clk 01:01:27]} {[%emt 00:01:28]} Qf6 {[%clk
00:50:36]} {[%emt 00:03:04]} 26. Rcf1 {[%clk 00:57:46]} {[%emt 00:04:20]} Qd6
{[%clk 00:47:19]} {[%emt 00:03:39]} 27. a4 {[%clk 00:56:02]} {[%emt 00:02:22]}
a6 {[%clk 00:45:06]} {[%emt 00:02:43]} 28. a5 {[%clk 00:51:02]} {[%emt
00:05:30]} Ba7 {[%clk 00:45:19]} {[%emt 00:00:16]} 29. Rc1 {[%clk 00:47:33]}
1/2-1/2

[Event "ODJM C 2023"]
[Site "Willingen GER"]
[Date "2023.06.01"]
[Round "7"]
[White "Tarasenko, Ruslan"]
[Black "Baihaghi, Arash"]
[Result "0-1"]
[Termination "normal"]
[Board "18"]
[WhiteElo "1087"]
[BlackElo "1226"]
[WhiteClock "01:22:06"]
[BlackClock "01:13:54"]
[PlyCount "90"]
[WhiteFideId "34166343"]
[BlackFideId "34604979"]
[EventCountry "GER"]
[EventRounds "9"]
[EventType "swiss"]
[EventDate "2023.05.27"]

1. e4 {[%clk 01:30:49]} {[%emt 00:00:11]} d5 {[%clk 01:30:56]} {[%emt
00:00:05]} 2. exd5 {[%clk 01:31:16]} {[%emt 00:00:02]} Qxd5 {[%clk 01:31:18]}
{[%emt 00:00:08]} 3. Nc3 {[%clk 01:31:40]} {[%emt 00:00:07]} Qd8 {[%clk
01:31:44]} {[%emt 00:00:04]} 4. d4 {[%clk 01:32:04]} {[%emt 00:00:06]} Nf6
{[%clk 01:32:07]} {[%emt 00:00:06]} 5. Nf3 {[%clk 01:32:26]} {[%emt 00:00:09]}
Bf5 {[%clk 01:32:32]} {[%emt 00:00:05]} 6. Ne5 {[%clk 01:32:51]} {[%emt
00:00:05]} e6 {[%clk 01:32:37]} {[%emt 00:00:25]} 7. g4 {[%clk 01:33:10]}
{[%emt 00:00:11]} Bg6 {[%clk 01:32:35]} {[%emt 00:00:31]} 8. Bg2 {[%clk
01:33:35]} {[%emt 00:00:05]} c6 {[%clk 01:32:56]} {[%emt 00:00:10]} 9. h4
{[%emt 00:00:06]} h6 {[%clk 01:32:54]} {[%emt 00:00:30]} 10. Nxg6 {[%clk
01:33:37]} {[%emt 00:00:54]} fxg6 {[%clk 01:33:14]} {[%emt 00:00:10]} 11. Bf4
{[%clk 01:33:24]} {[%emt 00:00:43]} Nbd7 {[%clk 01:32:22]} {[%emt 00:01:21]}
12. Qd3 {[%clk 01:33:33]} {[%emt 00:00:22]} Kf7 {[%clk 01:32:17]} {[%emt
00:00:36]} 13. Ne4 {[%clk 01:33:46]} {[%emt 00:00:17]} Be7 {[%clk 01:28:36]}
{[%emt 00:04:11]} 14. g5 {[%clk 01:32:51]} {[%emt 00:01:24]} Nxe4 {[%emt
00:00:23]} 15. Qxe4 {[%clk 01:32:47]} {[%emt 00:00:32]} hxg5 {[%clk 01:28:44]}
{[%emt 00:00:32]} 16. hxg5 {[%clk 01:32:16]} {[%emt 00:00:59]} Rxh1+ {[%clk
01:28:50]} {[%emt 00:00:24]} 17. Bxh1 {[%clk 01:32:34]} {[%emt 00:00:13]} Bxg5
{[%clk 01:28:57]} {[%emt 00:00:23]} 18. O-O-O {[%clk 01:32:49]} {[%emt
00:00:15]} Qf6 {[%clk 01:28:30]} {[%emt 00:00:57]} 19. Bxg5 {[%clk 01:32:49]}
{[%emt 00:00:30]} Qxg5+ {[%clk 01:28:50]} {[%emt 00:00:09]} 20. Kb1 {[%clk
01:32:34]} {[%emt 00:00:45]} Nf6 {[%clk 01:25:41]} {[%emt 00:03:39]} 21. Qd3
{[%clk 01:31:56]} {[%emt 00:01:08]} Qf5 {[%clk 01:25:11]} {[%emt 00:01:00]} 22.
Qb3 {[%clk 01:30:40]} {[%emt 00:01:46]} Rb8 {[%clk 01:24:42]} {[%emt 00:00:58]}
23. Bxc6 {[%clk 01:29:56]} {[%emt 00:01:15]} Qf4 {[%emt 00:05:15]} 24. d5
{[%clk 01:28:31]} {[%emt 00:01:43]} bxc6 {[%clk 01:19:59]} {[%emt 00:00:40]}
25. dxe6+ {[%clk 01:27:58]} {[%emt 00:01:02]} Ke7 {[%clk 01:18:06]} {[%emt
00:02:22]} 26. Qa3+ {[%clk 01:27:34]} {[%emt 00:00:48]} Qb4 {[%clk 01:13:48]}
{[%emt 00:04:55]} 27. Qxb4+ {[%clk 01:23:53]} {[%emt 00:04:12]} Rxb4 {[%clk
01:13:47]} {[%emt 00:00:30]} 28. Rg1 {[%clk 01:23:53]} {[%emt 00:00:30]} Rg4
{[%clk 01:13:59]} {[%emt 00:00:18]} 29. Rd1 {[%clk 01:23:17]} {[%emt 00:01:05]}
Kxe6 {[%clk 01:13:40]} {[%emt 00:00:49]} 30. f3 {[%clk 01:23:23]} {[%emt
00:00:25]} Rf4 {[%clk 01:13:56]} {[%emt 00:00:14]} 31. Re1+ {[%clk 01:23:29]}
{[%emt 00:00:25]} Kf5 {[%clk 01:14:10]} {[%emt 00:00:16]} 32. Re7 {[%clk
01:23:28]} {[%emt 00:00:31]} Rxf3 {[%clk 01:14:28]} {[%emt 00:00:13]} 33. a4
{[%clk 01:23:53]} {[%emt 00:00:05]} Nh5 {[%clk 01:13:50]} {[%emt 00:01:07]} 34.
Rxa7 {[%clk 01:24:13]} {[%emt 00:00:10]} g5 {[%emt 00:00:35]} 35. a5 {[%clk
01:24:29]} {[%emt 00:00:13]} g4 {[%clk 01:12:49]} {[%emt 00:01:28]} 36. a6
{[%clk 01:22:01]} {[%emt 00:02:58]} g3 {[%clk 01:13:06]} {[%emt 00:00:12]} 37.
Rxg7 {[%clk 01:22:20]} {[%emt 00:00:10]} Nxg7 {[%clk 01:13:20]} {[%emt
00:00:17]} 38. a7 {[%clk 01:22:46]} {[%emt 00:00:05]} g2 {[%clk 01:13:38]}
{[%emt 00:00:12]} 39. a8=Q {[%clk 01:22:27]} {[%emt 00:00:49]} g1=Q+ {[%clk
01:13:55]} {[%emt 00:00:12]} 40. Ka2 {[%clk 01:22:38]} {[%emt 00:00:19]} Qc5
{[%clk 01:13:21]} {[%emt 00:01:02]} 41. Qc8+ {[%clk 01:22:27]} {[%emt
00:00:43]} Ne6 {[%clk 01:13:13]} {[%emt 00:00:38]} 42. Qa6 {[%clk 01:21:36]}
{[%emt 00:03:03]} Qb5 {[%clk 01:13:11]} {[%emt 00:00:32]} 43. Qa7 {[%clk
01:21:29]} {[%emt 00:00:37]} Qc4+ {[%clk 01:13:28]} {[%emt 00:00:12]} 44. b3
{[%clk 01:21:42]} {[%emt 00:00:17]} Qxc2+ {[%clk 01:13:54]} {[%emt 00:00:04]}
45. Ka3 {[%clk 01:22:06]} {[%emt 00:00:07]} Qxb3# {[%emt 00:00:06]} 0-1

[Event "ODJM C 2023"]
[Site "Willingen GER"]
[Date "2023.06.01"]
[Round "7"]
[White "Fischermann, Charlotte"]
[Black "Moissl, Julian"]
[Result "1-0"]
[Termination "normal"]
[Board "19"]
[WhiteElo "1303"]
[BlackElo "1160"]
[WhiteClock "01:07:20"]
[BlackClock "00:52:39"]
[PlyCount "85"]
[WhiteFideId "34619690"]
[BlackFideId "16295129"]
[EventCountry "GER"]
[EventRounds "9"]
[EventType "swiss"]
[EventDate "2023.05.27"]

1. e4 {[%clk 01:30:56]} {[%emt 00:00:03]} e5 {[%clk 01:30:57]} {[%emt
00:00:04]} 2. Nf3 {[%clk 01:31:22]} {[%emt 00:00:04]} Nc6 {[%clk 01:31:20]}
{[%emt 00:00:07]} 3. Bc4 {[%clk 01:31:47]} {[%emt 00:00:04]} Bc5 {[%clk
01:31:46]} {[%emt 00:00:05]} 4. c3 {[%clk 01:32:05]} {[%emt 00:00:12]} Nf6
{[%clk 01:31:32]} {[%emt 00:00:43]} 5. d4 {[%clk 01:31:46]} {[%emt 00:00:49]}
Bd6 {[%clk 01:29:58]} {[%emt 00:02:04]} 6. dxe5 {[%clk 01:29:31]} {[%emt
00:02:45]} Nxe5 {[%clk 01:29:54]} {[%emt 00:00:33]} 7. Nxe5 {[%clk 01:28:50]}
{[%emt 00:01:11]} Bxe5 {[%clk 01:30:15]} {[%emt 00:00:09]} 8. f4 {[%clk
01:26:20]} {[%emt 00:03:00]} Nxe4 {[%clk 01:21:53]} {[%emt 00:08:53]} 9. Qd5
{[%clk 01:20:24]} {[%emt 00:06:25]} O-O {[%clk 01:19:39]} {[%emt 00:02:44]} 10.
fxe5 {[%clk 01:18:26]} {[%emt 00:02:28]} Qh4+ {[%clk 01:17:13]} {[%emt
00:02:57]} 11. g3 {[%clk 01:17:20]} {[%emt 00:01:36]} Qg4 {[%clk 01:13:02]}
{[%emt 00:04:39]} 12. Bf4 {[%clk 01:15:59]} {[%emt 00:01:51]} c6 {[%clk
01:11:25]} {[%emt 00:02:08]} 13. Qxe4 {[%clk 01:15:51]} {[%emt 00:00:38]} d5
{[%clk 01:11:45]} {[%emt 00:00:10]} 14. Qe2 {[%clk 01:15:30]} {[%emt 00:00:50]}
dxc4 {[%clk 01:11:44]} {[%emt 00:00:33]} 15. Qxg4 {[%clk 01:15:47]} {[%emt
00:00:12]} Bxg4 {[%clk 01:12:08]} {[%emt 00:00:06]} 16. h3 {[%clk 01:15:37]}
{[%emt 00:00:40]} Bf3 {[%clk 01:11:46]} {[%emt 00:00:52]} 17. Rg1 {[%clk
01:16:00]} {[%emt 00:00:07]} Rad8 {[%clk 01:10:34]} {[%emt 00:01:42]} 18. Nd2
{[%clk 01:15:43]} {[%emt 00:00:47]} Bd5 {[%clk 01:10:58]} {[%emt 00:00:06]} 19.
Kf2 {[%clk 01:15:15]} {[%emt 00:00:57]} Rd7 {[%clk 01:10:28]} {[%emt 00:01:00]}
20. b3 {[%clk 01:13:49]} {[%emt 00:01:11]} b5 {[%clk 01:09:42]} {[%emt
00:02:01]} 21. Rad1 {[%clk 01:12:52]} {[%emt 00:01:26]} Rfd8 {[%clk 01:09:48]}
{[%emt 00:00:25]} 22. b4 {[%clk 01:10:28]} {[%emt 00:02:55]} Be6 {[%clk
01:08:38]} {[%emt 00:01:39]} 23. g4 {[%clk 01:10:23]} {[%emt 00:00:34]} Rd3
{[%clk 01:08:11]} {[%emt 00:00:58]} 24. Rg3 {[%clk 01:10:07]} {[%emt 00:00:46]}
Rxg3 {[%clk 01:07:15]} {[%emt 00:01:26]} 25. Kxg3 {[%clk 01:10:14]} {[%emt
00:00:23]} Rd3+ {[%clk 01:07:08]} {[%emt 00:00:36]} 26. Kf2 {[%clk 01:10:15]}
{[%emt 00:00:29]} Rxc3 {[%clk 01:06:13]} {[%emt 00:01:25]} 27. Nb1 {[%clk
01:10:17]} {[%emt 00:00:28]} Rd3 {[%clk 01:05:16]} {[%emt 00:01:27]} 28. Rxd3
{[%clk 01:10:23]} {[%emt 00:00:24]} cxd3 {[%clk 01:05:39]} {[%emt 00:00:08]}
29. a3 {[%clk 01:10:37]} {[%emt 00:00:16]} Kf8 {[%clk 01:01:47]} {[%emt
00:04:21]} 30. Ke3 {[%clk 01:10:45]} {[%emt 00:00:21]} Ke7 {[%clk 01:01:13]}
{[%emt 00:01:04]} 31. Kxd3 {[%clk 01:10:55]} {[%emt 00:00:20]} Kd7 {[%clk
01:01:29]} {[%emt 00:00:14]} 32. Nc3 {[%clk 01:11:05]} {[%emt 00:00:20]} Kc7
{[%clk 01:01:08]} {[%emt 00:00:52]} 33. Be3 {[%clk 01:10:38]} {[%emt 00:00:56]}
Kb7 {[%clk 01:00:02]} {[%emt 00:01:36]} 34. Ne4 {[%clk 01:10:32]} {[%emt
00:00:36]} Bc4+ {[%clk 00:58:14]} {[%emt 00:02:19]} 35. Kc3 {[%clk 01:10:11]}
{[%emt 00:00:51]} Bd5 {[%clk 00:56:54]} {[%emt 00:01:49]} 36. Nc5+ {[%clk
01:09:39]} {[%emt 00:01:02]} Kc7 {[%clk 00:57:16]} {[%emt 00:00:09]} 37. h4
{[%clk 01:09:14]} {[%emt 00:00:55]} Bf3 {[%clk 00:56:58]} {[%emt 00:00:48]} 38.
g5 {[%clk 01:09:25]} {[%emt 00:00:19]} g6 {[%clk 00:56:59]} {[%emt 00:00:28]}
39. e6 {[%clk 01:08:23]} {[%emt 00:01:32]} Kd6 {[%clk 00:53:43]} {[%emt
00:03:47]} 40. exf7 {[%clk 01:07:48]} {[%emt 00:01:04]} Ke7 {[%clk 00:54:06]}
{[%emt 00:00:07]} 41. Na6 {[%clk 01:07:51]} {[%emt 00:00:28]} Kxf7 {[%clk
00:53:50]} {[%emt 00:00:46]} 42. Bxa7 {[%clk 01:07:23]} {[%emt 00:00:57]} Ke7
{[%clk 00:52:39]} {[%emt 00:01:41]} 43. Be3 {[%clk 01:07:20]} {[%emt 00:00:33]}
1-0

[Event "ODJM C 2023"]
[Site "Willingen GER"]
[Date "2023.06.01"]
[Round "7"]
[White "Gold, Finnja"]
[Black "Vöcking, Laura"]
[Result "1/2-1/2"]
[Termination "normal"]
[Board "20"]
[WhiteElo "1103"]
[BlackElo "1282"]
[WhiteClock "00:19:29"]
[BlackClock "00:19:49"]
[PlyCount "86"]
[WhiteFideId "34660453"]
[BlackFideId "16287630"]
[EventCountry "GER"]
[EventRounds "9"]
[EventType "swiss"]
[EventDate "2023.05.27"]

1. e4 {[%clk 01:30:57]} {[%emt 00:00:03]} e6 {[%clk 01:30:52]} {[%emt
00:00:08]} 2. d4 {[%clk 01:31:21]} {[%emt 00:00:07]} d5 {[%clk 01:31:14]}
{[%emt 00:00:08]} 3. Bd3 {[%clk 01:31:40]} {[%emt 00:00:10]} c5 {[%clk
01:31:16]} {[%emt 00:00:28]} 4. exd5 {[%clk 01:31:17]} {[%emt 00:00:53]} exd5
{[%clk 01:31:13]} {[%emt 00:00:34]} 5. dxc5 {[%clk 01:31:29]} {[%emt 00:00:18]}
Bxc5 {[%clk 01:31:14]} {[%emt 00:00:28]} 6. Nf3 {[%clk 01:29:41]} {[%emt
00:02:18]} Nf6 {[%clk 01:30:36]} {[%emt 00:01:09]} 7. O-O {[%clk 01:24:21]}
{[%emt 00:05:50]} O-O {[%clk 01:28:59]} {[%emt 00:02:07]} 8. Bg5 {[%clk
01:23:03]} {[%emt 00:01:47]} Be6 {[%clk 01:25:36]} {[%emt 00:03:53]} 9. c3
{[%clk 01:21:51]} {[%emt 00:01:44]} Nbd7 {[%clk 01:21:20]} {[%emt 00:04:46]}
10. Qc2 {[%clk 01:21:21]} {[%emt 00:00:59]} Qc7 {[%clk 01:14:44]} {[%emt
00:07:06]} 11. Nbd2 {[%clk 01:19:22]} {[%emt 00:02:29]} Kh8 {[%clk 01:05:08]}
{[%emt 00:10:06]} 12. Nb3 {[%clk 01:17:11]} {[%emt 00:02:41]} Bd6 {[%clk
01:02:09]} {[%emt 00:03:29]} 13. Nbd4 {[%clk 01:15:49]} {[%emt 00:01:53]} a6
{[%clk 01:00:08]} {[%emt 00:02:31]} 14. a4 {[%clk 01:12:18]} {[%emt 00:04:01]}
Rfe8 {[%clk 00:49:49]} {[%emt 00:10:48]} 15. Bf5 {[%clk 00:44:12]} {[%emt
00:28:36]} Ne4 {[%clk 00:35:30]} {[%emt 00:14:49]} 16. Nxe6 {[%clk 00:27:54]}
{[%emt 00:16:48]} fxe6 {[%clk 00:33:41]} {[%emt 00:02:19]} 17. Bxe4 {[%clk
00:28:06]} {[%emt 00:00:19]} dxe4 {[%clk 00:32:18]} {[%emt 00:01:54]} 18. Qxe4
{[%clk 00:26:11]} {[%emt 00:02:24]} Nc5 {[%clk 00:22:07]} {[%emt 00:10:42]} 19.
Qc2 {[%clk 00:24:49]} {[%emt 00:01:51]} e5 {[%clk 00:17:10]} {[%emt 00:05:28]}
20. b4 {[%clk 00:24:32]} {[%emt 00:00:46]} Nd7 {[%clk 00:17:08]} {[%emt
00:00:32]} 21. Qd2 {[%clk 00:19:57]} {[%emt 00:05:06]} e4 {[%clk 00:15:15]}
{[%emt 00:02:24]} 22. Nd4 {[%clk 00:19:14]} {[%emt 00:01:12]} Bxh2+ {[%clk
00:14:37]} {[%emt 00:01:08]} 23. Kh1 {[%clk 00:19:04]} {[%emt 00:00:40]} Be5
{[%clk 00:14:19]} {[%emt 00:00:48]} 24. b5 {[%clk 00:12:07]} {[%emt 00:07:27]}
Nc5 {[%clk 00:13:13]} {[%emt 00:01:36]} 25. Rfb1 {[%clk 00:09:31]} {[%emt
00:03:07]} Nd3 {[%clk 00:11:29]} {[%emt 00:02:14]} 26. bxa6 {[%clk 00:06:53]}
{[%emt 00:03:08]} bxa6 {[%clk 00:11:46]} {[%emt 00:00:13]} 27. Be3 {[%clk
00:06:27]} {[%emt 00:00:55]} Bf4 {[%clk 00:10:40]} {[%emt 00:01:37]} 28. Bxf4
{[%clk 00:06:38]} {[%emt 00:00:19]} Nxf4 {[%clk 00:10:14]} {[%emt 00:00:56]}
29. Qe3 {[%clk 00:06:02]} {[%emt 00:01:06]} Nd5 {[%clk 00:09:40]} {[%emt
00:01:03]} 30. Qd2 {[%clk 00:05:53]} {[%emt 00:00:39]} Qxc3 {[%clk 00:09:23]}
{[%emt 00:00:47]} 31. Qxc3 {[%clk 00:05:31]} {[%emt 00:00:51]} Nxc3 {[%clk
00:09:48]} {[%emt 00:00:05]} 32. Rc1 {[%clk 00:05:33]} {[%emt 00:00:29]} Nd5
{[%clk 00:09:36]} {[%emt 00:00:42]} 33. Rc5 {[%clk 00:04:56]} {[%emt 00:01:06]}
Rad8 {[%clk 00:08:38]} {[%emt 00:01:28]} 34. Nc6 {[%clk 00:03:59]} {[%emt
00:01:27]} Rd6 {[%clk 00:07:59]} {[%emt 00:01:09]} 35. Ne5 {[%clk 00:03:33]}
{[%emt 00:00:57]} Kg8 {[%clk 00:06:09]} {[%emt 00:02:20]} 36. Nc4 {[%clk
00:03:02]} {[%emt 00:01:00]} Rh6+ {[%clk 00:04:54]} {[%emt 00:01:45]} 37. Kg1
{[%clk 00:03:22]} {[%emt 00:00:10]} Nf4 {[%clk 00:05:05]} {[%emt 00:00:19]} 38.
Ra2 {[%clk 00:02:27]} {[%emt 00:01:25]} Rd8 {[%clk 00:04:37]} {[%emt 00:00:58]}
39. Ne3 {[%clk 00:01:53]} {[%emt 00:01:04]} Nd3 {[%clk 00:02:51]} {[%emt
00:02:16]} 40. Rc4 {[%clk 00:01:11]} {[%emt 00:01:12]} Re6 {[%clk 00:02:03]}
{[%emt 00:01:18]} 41. Rac2 {[%emt 00:01:12]} Red6 {[%clk 00:27:44]} {[%emt
00:04:48]} 42. Rxe4 {[%clk 00:28:12]} {[%emt 00:02:48]} Rb8 {[%clk 00:22:03]}
{[%emt 00:06:11]} 43. Rec4 {[%clk 00:19:29]} {[%emt 00:09:13]} Ne5 {[%clk
00:19:49]} {[%emt 00:02:43]} 1/2-1/2